Snehový Hektor

Bibliographic Details
Main Author: Bendová, Krista, 1923-1988 (Author)
Format: Article
Language:Slovak
ISSN:0139-911X
Subjects:

MARC

LEADER 00000nab a2200000 a 4500
001 vtls010463353
003 SK-MaSNL
005 20260303093928.0
008 121024 2012xo m 000 0 slo
015 |a SNKBRB 2012/10 
038 |a KEKMK 
040 |a KEKMK  |b slo  |c KEKMK  |e AACR2 
041 |a slo 
044 |a xo  |c SK 
100 1 |a Bendová, Krista,  |d 1923-1988  |4 aut  |9 101774 
245 1 0 |a Snehový Hektor  |c Krista bendová 
650 0 7 |a literatúra pre deti a mládež  |2 kekmk  |9 21893 
773 |t Slniečko  |g Roč.55, č.6 (február 2001), s.12-13  |x 0139-911X 
958 |a DB 
999 |c 1817992  |d 1819922